000 nam a22 7a 4500
999 _c10456
_d10456
008 180217b ||||| |||| 00| 0 eng d
100 _aCBSE
_96386
245 _aTogether Towards a Safer India-VIII
260 _aNew Delhi
_bCBSE
_c2007